Letters In Arrows - Statistics

General Stats
  • This quiz has been taken 79 times
  • The average score is 13 of 26
Answer Stats
Arrows Letter % Correct
X
97%
O
84%
🡣↩ P
82%
🡦🡥 V
82%
🡣⥻⥻ B
80%
L
80%
🡣🡢 T
79%
🡣🡢🡢 F
75%
🡣🡢🡢🡢 E
70%
🡣 I
64%
⦮🡥🡣 M
52%
⦮↑ N
52%
C
46%
🡣⤴ U
44%
🡡↩🡦 R
36%
↺🡦 Q
34%
🡦🡥🡦🡥 W
34%
🡣⦭ J
33%
🡥🡦🡠 A
31%
↪🡠 G
30%
🡣🡥🡦 K
30%
🡣↩ D
26%
↪↩ S
25%
🡡🡤🡥 Y
25%
🡢🡧🡢 Z
25%
🡣🡢🡣 H
23%
No matching quizzes found
Score Distribution
Percent of People with Each Score
Percentile by Number Answered
Your Score History
You have not taken this quiz